Biggest Cities in Tajikistan - Statistics

General Stats
  • This quiz has been taken 7 times
  • The average score is 2 of 13
Answer Stats
Population City % Correct
1,242,600 Dushanbe
100%
130,800 Bokhtar
25%
66,600 Istaravshan
25%
36,300 Buston
0%
34,900 Hulbuk
0%
56,200 Isfara
0%
203,800 Khujand
0%
55,000 Konibodom
0%
110,400 Kūlob
0%
45,200 Panjakent
0%
61,900 Tursunzoda
0%
57,400 Vahdat
0%
42,400 Yovon
0%
No matching quizzes found
Score Distribution
Percent of People with Each Score
Percentile by Number Answered
Your Score History
You have not taken this quiz